00951nam a22002177a 4500003000500000005001700005008004100022010001100063011001100074035001100085040000900096100003700105245020200142260004000344500006000384502013000444650003100574650003200605650003200637856006400669CHAP20220329143843.0120201s2011 mx r 00010 spa d a102802 a103774 a114463 cCHAP1 aGonzález Merlin, Nirma Karina.10aInvestigación de mercado de carne de cordero de la marca de calidad "CH de CHAMARITA" para el mercado de Barcelona en restaurantes y carniceriash[En línea]c/por Nirma Karina González Merlin aChapingo, Méx. :bEl autor,c2011 aPara ver el contenido del material haga clic en la liga aTesis (Lic. en Comercio Internacional de Productos Agropecuarios) -- UACH. División de Ciencias Económico Administrativas14aCarne de borregoxConsumo.14aCarne de borregoxEspaña.14aCarne de borregoxMercadeo. 3Finding aiduhttp://10.13.5.2/tesis/114463.pdfzTeclea aqui